| 000 | 00604nam a22002177a 4500 | ||
|---|---|---|---|
| 003 | OSt | ||
| 005 | 20171214183229.0 | ||
| 008 | 171214b xxu||||| |||| 00| 0 eng d | ||
| 020 | _a9780071221092 | ||
| 020 | _a0071221093 | ||
| 040 | _cDDC | ||
| 082 | _a658.4 OBR 2011 | ||
| 100 |
_aO'Brien, James A.; Marakas, George M. _912319 |
||
| 245 | _aManagement Information Systems | ||
| 250 | _a10th ed. | ||
| 260 | _aNew York; Mcgraw-hill, 2011 | ||
| 300 | _a704p; col.ill: 28cm | ||
| 504 | _aAnswers, references, glossary, & index included | ||
| 650 |
_aInformation Systems _92356 |
||
| 942 |
_2z _cB_BANK |
||
| 999 |
_c5934 _d5934 |
||